Estadísticas para Nombre de País = Nombre de Capital

Haz click aquí para intentar la prueba.

Estadísticas generales

  • Esta prueba ha sido intentada 3.875 veces
  • La puntuación promedio es 8 de 12

Estadísticas de respuestas

País% Correcto
México
79%
Ciudad del Vaticano
76%
Mónaco
74%
Luxemburgo
73%
San Marino
73%
Andorra
70%
Panamá
69%
Guatemala
67%
Singapur
55%
Kuwait
49%
Yibuti
43%
Túnez
40%

Distribución de puntuación

Porcentaje por número respondido

Porcentaje de gente con cada puntuación

Historial de tus puntuaciones

No has intentado esta prueba.